| 000 -LEADER |
| fixed length control field |
00427cam a22001457a 4500 |
| 008 - FIXED-LENGTH DATA ELEMENTS--GENERAL INFORMATION |
| fixed length control field |
180718b1968 xxu||||| |||| 00| 0 eng d |
| 082 ## - DEWEY DECIMAL CLASSIFICATION NUMBER |
| Classification number |
R7x42 W691 |
| 100 ## - MAIN ENTRY--PERSONAL NAME |
| Personal name |
Wilson, A.W. |
| 245 ## - TITLE STATEMENT |
| Title |
Industrial relations, law and economics |
| Statement of responsibility, etc. |
by A.W. Wilson and S.R. Hill |
| 260 ## - PUBLICATION, DISTRIBUTION, ETC. |
| Place of publication, distribution, etc. |
London |
| Name of publisher, distributor, etc. |
Longmans |
| Date of publication, distribution, etc. |
1968 |
| 300 ## - PHYSICAL DESCRIPTION |
| Extent |
185p. |
| 440 ## - SERIES STATEMENT/ADDED ENTRY--TITLE |
| Title |
Longman's supervisory series; v.3. |
| 650 ## - SUBJECT ADDED ENTRY--TOPICAL TERM |
| Topical term or geographic name entry element |
Industrial relations |
| 700 ## - ADDED ENTRY--PERSONAL NAME |
| Personal name |
Hill, S.R. |